Iqbaliyat-e-Nawaey Waqt / اقبالیاتِ نوائے وقت (Record no. 612810)

000 -LEADER
fixed length control field 00330nam a22001217a 4500
020 ## - INTERNATIONAL STANDARD BOOK NUMBER
International Standard Book Number 978-969-31-0828-6
040 ## - CATALOGING SOURCE
Transcribing agency CL
100 ## - MAIN ENTRY--PERSONAL NAME
Personal name Prof.Ahmed Saeed
9 (RLIN) 127800
245 ## - TITLE STATEMENT
Title Iqbaliyat-e-Nawaey Waqt / اقبالیاتِ نوائے وقت
260 ## - PUBLICATION, DISTRIBUTION, ETC.
Place of publication, distribution, etc. Lahore:
Name of publisher, distributor, etc. Ghulam Ali Publisher,
Date of publication, distribution, etc. 2015.
300 ## - PHYSICAL DESCRIPTION
Extent 336p.
942 ## - ADDED ENTRY ELEMENTS (KOHA)
Source of classification or shelving scheme
Koha item type Book

No items available.

© 2023 Central Library, National University of Sciences and Technology. All Rights Reserved.